| 000 | 00399nam a22001457a 4500 | ||
|---|---|---|---|
| 020 | _a9781498728133 | ||
| 040 | _cNUST | ||
| 082 | _a620.1126 AND | ||
| 100 |
_a Anderson, T. L _974305 |
||
| 245 |
_aFracture Mechanics : _bFundamentals and Applications |
||
| 250 | _a4th Edition | ||
| 260 |
_aBoca Raton: _bCRC Press, _c2017. |
||
| 650 |
_aFracture Mechanics .NUSTTB2022 _9102884 |
||
| 942 |
_2ddc _cBK |
||
| 999 |
_c591419 _d591419 |
||